Japan : The blighted blossom
In Japan: The Blighted Blossom, Roy Thomas reveals the reality behind the faade of a stable democracy, a rigorous education system, and an "economic miracle" within which managers and workers coexist in workaholic harmony. Patronage, bribery, and blackmail undermine democracy, and a rigid,...
Đã lưu trong:
| 主要作者: | |
|---|---|
| 格式: | 圖書 |
| 語言: | Undetermined |
| 出版: |
Canada
New Star Books
1989
|
| 主題: | |
| 標簽: |
添加標簽
沒有標簽, 成為第一個標記此記錄!
|
| Thư viện lưu trữ: | Trung tâm Học liệu Trường Đại học Cần Thơ |
|---|
| LEADER | 01137nam a2200229Ia 4500 | ||
|---|---|---|---|
| 001 | CTU_115129 | ||
| 008 | 210402s9999 xx 000 0 und d | ||
| 082 | |a 952.04 | ||
| 082 | |b Th454 | ||
| 100 | |a Thomas, Roy | ||
| 245 | 0 | |a Japan : | |
| 245 | 4 | |b The blighted blossom | |
| 245 | 0 | |c Roy Thomas | |
| 260 | |a Canada | ||
| 260 | |b New Star Books | ||
| 260 | |c 1989 | ||
| 520 | |a In Japan: The Blighted Blossom, Roy Thomas reveals the reality behind the faade of a stable democracy, a rigorous education system, and an "economic miracle" within which managers and workers coexist in workaholic harmony. Patronage, bribery, and blackmail undermine democracy, and a rigid, authoritarian environment oppresses workers. While debunking many of Japan's official myths, Thomas displays an unmistakeable empathy for the Japanese people and staunch support for their efforts to build a genuine democracy.The first popular book in English to explain why Japan's chance at democracy may be lost. | ||
| 650 | |a Japan | ||
| 650 | |x History | ||
| 650 | |y 1945- | ||
| 904 | |i Tuyến | ||
| 980 | |a Trung tâm Học liệu Trường Đại học Cần Thơ | ||